Statistics for UK History Picture Quiz - G

Click here to take the quiz!

General Stats

  • This quiz has been taken 277 times
  • The average score is 10 of 15

Answer Stats

Answer% Correct
Golf
98%
Gold
95%
Greenwich
85%
Lady {Godiva}
85%
Gibraltar
80%
Glasgow
78%
Glastonbury
76%
Double {Gloucester}
75%
{Grange} Hill
72%
William Ewart {Gladstone}
64%
{Greenham} Common
45%
Gordonstoun
42%
Green {Goddess}
40%
{Goose} Fair
24%
{Gosford} Castle
3%

Score Distribution

Percentile by Number Answered

Percent of People with Each Score

Your Score History

You have not taken this quiz